Statistics for Chicken Run Quiz

Click here to take the quiz!

General Stats

  • This quiz has been taken 267 times
  • The average score is 13 of 22

Answer Stats

HintAnswer% Correct
The film's main characterGinger
90%
The suave American roosterRocky
89%
The jolly plump hen who loves knittingBabs
78%
The grumpy old roosterFowler
68%
The skinny Scottish genius henMac
67%
Who yearns to feel this under her feetGrass
66%
Year the film was released2000
65%
The wicked owner of the chicken farmMrs Tweedy
65%
And her bumbling husbandMr Tweedy
62%
The big tough hen who loves to shoveBunty
60%
The hen that didn't lay any eggsEdwina
55%
The shifty rat hustlerNick
55%
The animation studio that made the filmAardman
54%
But doesn't like...Gravy
54%
Who laid this record number of eggs in one morningFive
53%
Whose favourite food is...Chicken feed
52%
The company that distributed the filmDreamWorks
47%
And his giddy sidekickFetcher
47%
And his breedRhode Island Red
40%
The creator of the filmNick Park
38%
The county the film is set inYorkshire
38%
Who can play this instrumentHarmonica
31%

Score Distribution

Percentile by Number Answered

Percent of People with Each Score

Your Score History

You have not taken this quiz